Регионална библиотека "Любен Каравелов" - Русе

[Сто и двадесет] 120 години от рождението на Стоян Брашованов (Запис номер 111616)

MARC детайли
000 -Лидер
Контролно поле с фиксирана дължина 02107nam a2200385 c 4500
003 - Код на организацията, давaща контролен номер
Контролно поле BLK
005 - Дата и час на последна редакция
Контролно поле 20240321123144.0
008 - Елементи от данни с фиксирана дължина
fixed length control field 180409b bul|||||r ||||||| ||bul||
010 ## - Наследен системен номер
LC control number KNG00116963000
020 ## - Международен стандартен номер на книга ISBN
Международен стандартен номер на книга ISBN 978-954-92200-6-3
-- издат.: Съюз на бълг. композитори
040 ## - Източник на каталожния запис
Идентификатор на билиотеката - собственик на записа BLK
041 ## - Код за език
Код за езика на текст/звукозапис или на отделно заглавие Български
Код за езика КДБФ Български
080 ## - УДК
Текстов определител УДК Музиколози. Музикални критици. Експерти в музиката
УДК код - определител по УДК 78.072
УДК определител (497.2)(092)(063)
УДК - код + определител 78.072(497.2)(092)(063)
080 ## - УДК
Текстов определител УДК Български музиколог
УДК код - определител по УДК 929 Брашованов, Стоян Костов
УДК определител
УДК - код + определител 929 Брашованов, Стоян Костов
139 ## - Редно поле
Редна дума [Сто и двадесет] 120 години от рождението на Стоян Брашованов
Авторски знак Браш - Б 79
245 10 - Сведения за заглавието
Заглавие [Сто и двадесет] 120 години от рождението на Стоян Брашованов
Подзаглавни данни Сб. статии : Науч. конф., 24 ян. 2009, София
Редно поле (дума) състав. Кристина Петрова Япова; състав. Иванка Аспарухова Влаева.
257 ## - Страна на издаване
Страна на създаване/издаване България
260 ## - Област на издателските данни
-- София
Име на издателя, разпространителя и проч. Съюз на бълг. композитори
Година на издаване 2010
Печатница София : Вулкан 4
300 ## - Физическа характеристика
Страници 116 с.
Илюстрации и др. ил., факс.
Размери/Мащаб 20 см
380 ## - Жанр
Жанр Общ отдел
500 ## - Общи забележки
Забележка Изд. на Съюз на бълг. композитори. Секция "Музиколози". - Библиогр. под линия.
600 #0 - Име на лице, използвано като предмет
За него / За нея Брашованов, Стоян Костов
Свързани дати 1888 - 1956
Друга информация музиковед
9 (RLIN) 376448
650 #4 - Допълнително описание по предмет – тема
Основно описание – тема или топоним Музиколози, български
9 (RLIN) 163082
653 ## - Ключова дума – ненормативна
Ключова дума музиколози
653 ## - Ключова дума – ненормативна
Ключова дума музикознание
653 ## - Ключова дума – ненормативна
Ключова дума Стоян Брашованов
700 1# - Други автори (авторска отговорност)
Лично име Япова, Кристина Петрова
Автороска отговорност (Описва отношението между автора и произведението) състав.
9 (RLIN) 375893
700 1# - Други автори (авторска отговорност)
Лично име Влаева, Иванка Аспарухова
Автороска отговорност (Описва отношението между автора и произведението) състав.
9 (RLIN) 375894
852 ## - Местоположение
Форматна сигнатура Цб 255369
856 4# - Електронен адрес и достъп
Електронен формат pdf - файл
Път до файла /url/
856 4# - Електронен адрес и достъп
Електронен формат pdf - файл
Път до файла /url/
942 ## - АРТИКУЛИ
Вид на библиотечния материал Книги
Скрит в OPAC Не
944 ## - СЪЗДАВАНЕ И РЕДАКЦИЯ на ЗАПИСА
Създаване/Редакция Създаване
Дата на регистрацията/редакция 12.06.2012
Служител, извършил регистрацията/редакцията 30545
Статус, дата на статуса Нора Радева
944 ## - СЪЗДАВАНЕ И РЕДАКЦИЯ на ЗАПИСА
Създаване/Редакция Редакция
Дата на регистрацията/редакция 12.11.2012
Служител, извършил регистрацията/редакцията
999 ## - СИСТЕМНИ КОНТРОЛНИ НОМЕРА
Koha biblionumber 111616
Koha biblioitemnumber 111616
Наличности
Код за отписване Код за изгубен артикул Код за повреда Коз за рестрикции Код за отдаване Артикулен № Име на библиотеката - собственик Име на библиотеката, в която се намира в момента Статус (Текущо местоположение) Дата на вписване в системата Местоположение - отдел Цена в лева Инвентарен номер Систематично азбучна сигнатура Баркод Номер на екземпляра Цена в евро Служебна бележка Служебен тип на артикула Източник на класификационната схема
  Не е изгубен Не е повреден без рестрикции ползва се в читалня 179252 Регионална библиотека "Любен Каравелов" Русе Регионална библиотека "Любен Каравелов" Русе Хранилище 2012-06-12 Хранилище 7.00 120000758213 Цб 255369 120000758213 1 3.58 Дост: Dp Вид: Д N: 21 Дата: 25.05.2011 Книги  
  Не е изгубен Не е повреден без рестрикции Специални фондове ( старопечатни, редки и ценни, фонд М. Арнаудов) 731110 Регионална библиотека "Любен Каравелов" Русе Регионална библиотека "Любен Каравелов" Русе Краезнание 2019-07-23 Краезнание 6.00   К 78/Б 79 120000834665   3.07   Книги Universal Decimal Classification
Vip Innovations Ltd, Rousse, Bulgaria 2025